Dans quel film Disney peut-on entendre ces chansons ? 1 - Statistiques

Statistiques générales
  • Ce quiz a été pris 322 fois
  • Le résultat moyen est 10 sur 15
Statistiques - réponses
Question Réponse % Correct
Ce rêve bleu C'est un nouveau monde en couleurs Où personne ne nous dit C'est interdit De croire encore au bonheur Aladdin
96%
Chez nous, les poissons se fendent la pipe, Les vagues sont un vrai régal. Là-haut, ils s'écaillent et ils flippent, A tourner dans leur bocal. La petite sirène
91%
Quand on prie la bonne étoile La Fée Bleue secoue son voile Et vient accorder Ce qu'on a demandé Pinocchio
91%
Sifflez en travaillant, Et le balai parait léger si vous pouvez siffler Frotter en fredonnant Le temps va vite quand la musique vous aide à travailler Blanche Neige et les sept nains
89%
Tu crois que la Terre t'appartient toute entière Pour toi, ce n'est qu'un tapis de poussière Moi je sais que la pierre, l'oiseau et les fleurs Ont une vie, ont un esprit et un cœur Pocahontas
87%
Ce que je préfère dans les rivières C'est que printemps, été ou hiver Elles changent toujours d'humeur et de couleur Pocahontas
81%
J'adore manger d'la paella ainsi que d'la pizza Mais je fais ronron devant un gros poisson. Oui c'est moi le beau Walter, Les Aristochats
74%
Une cloche, dès qu'il joue Sa trompette vous rend fou Ca swingue comme un pied Mais oui, c'est pire que l'ennui Oh là là mes amis Quelle calamité Les Aristochats
72%
Des bas, des hauts Il y en a partout Mais des drames Il y en a surtout Ici à Nottingham Robin des Bois
67%
Ce zoo est un souk, Corne de bouc ! C'est une super ménagerie ! Aladdin
65%
Oh mais quelle jolie petite mariée Je vois dans mon miroir ! C'est vrai que mon plan s'est déroulé Au delà de mes espoirs ! La petite sirène
61%
Nous n'étions encore que deux enfants Deux coeurs neufs à leur printemps Eclairant mon ciel comme un soleil Il fit naître des merveilles Robin des Bois
57%
Quand le printemps, un jour, Ranimera l'amour, Les oiseaux chanteront, Les cloches sonneront, L'union de nos coeurs, Blanche Neige et les sept nains
54%
Sur un terrain vaste et tranquille Chacun pourra courir sans traîne En ce joli site, venez, venez vite Ce sera la maison du rêve La belle maison du rêve Les 101 dalmatiens
41%
Le jour se lève Adieu beaux rêves Londres s'éveille En plein soleil Pocahontas
11%
Aucun quiz correspondant
Distribution des résultats
% des personnes avec chaque résultat
Percentile par nombre de réponses
Votre historique - résultats
Vous n’avez pas pris ce quiz